000 00284nam a22001337a 4500
008 171003b xxu||||| |||| 00| 0 eng d
020 _a0030302145
041 _aeng
080 _24TH
_a159.9
100 _a48
101 _aPSI
245 _aPSYCHOLOGY
_cRATHUS,S.A
942 _2udc
_cBK
999 _c31348
_d31348